Pressure transient formation and well testing : (Record no. 16354)
[ view plain ]
| 000 -LEADER | |
|---|---|
| fixed length control field | 01082nam a22002537a 4500 |
| 005 - DATE AND TIME OF LATEST TRANSACTION | |
| control field | 20120131124536.0 |
| 008 - FIXED-LENGTH DATA ELEMENTS--GENERAL INFORMATION | |
| fixed length control field | 120131s2010 na|||||r|||| 001 0 eng d |
| 020 ## - INTERNATIONAL STANDARD BOOK NUMBER | |
| International Standard Book Number | 0444529535 |
| 020 ## - INTERNATIONAL STANDARD BOOK NUMBER | |
| International Standard Book Number | 9780444529534 |
| 082 ## - DEWEY DECIMAL CLASSIFICATION NUMBER | |
| Edition number | 22 |
| Classification number | 622.338 |
| Item number | KUC |
| 100 ## - MAIN ENTRY--PERSONAL NAME | |
| 9 (RLIN) | 28463 |
| Personal name | Kuchuk, Fikri |
| 245 ## - TITLE STATEMENT | |
| Title | Pressure transient formation and well testing : |
| Remainder of title | convolution, deconvolution and nonlinear estimation / |
| Statement of responsibility, etc | by Fikri Kuchuk, Mustafa Onur, Florian Hollaender. |
| 260 ## - PUBLICATION, DISTRIBUTION, ETC. (IMPRINT) | |
| Place of publication, distribution, etc | Amsterdam : |
| Name of publisher, distributor, etc | Elsevier Science, |
| Date of publication, distribution, etc | 2010. |
| 300 ## - PHYSICAL DESCRIPTION | |
| Extent | xxv, 389 p., |
| Other physical details | [5] p. of plates : |b ill. ; |
| Dimensions | 24 cm. |
| 490 ## - Series Statement | |
| -- | 28464 |
| Series statement | Developments in petroleum science ; |
| Volume/sequential designation | 57 |
| 504 ## - BIBLIOGRAPHY, ETC. NOTE | |
| Linkage | Includes bibliographical references and index. |
| 650 ## - SUBJECT ADDED ENTRY--TOPICAL TERM | |
| 9 (RLIN) | 28465 |
| Topical term or geographic name as entry element | Hydrocarbon reservoirs |
| General subdivision | Testing. |
| 650 ## - SUBJECT ADDED ENTRY--TOPICAL TERM | |
| 9 (RLIN) | 28466 |
| Topical term or geographic name as entry element | Porous materials |
| General subdivision | Permeability |
| 653 ## - INDEX TERM--UNCONTROLLED | |
| Resource For college | |
| Arrived date list | January2012 |
| 700 ## - ADDED ENTRY--PERSONAL NAME | |
| 9 (RLIN) | 28467 |
| Personal name | Onur, Mustafa |
| 700 ## - ADDED ENTRY--PERSONAL NAME | |
| 9 (RLIN) | 28468 |
| Personal name | Hollaender, Florian |
| 942 ## - ADDED ENTRY ELEMENTS (KOHA) | |
| Source of classification or shelving scheme | Dewey Decimal Classification |
| Item type | Book - Borrowing |
| Withdrawn status | Item status | Source of classification or shelving scheme | Damaged status | Not for loan | Vendor | Home library | Current library | Shelving location | Date acquired | Source of acquisition | Cost, normal purchase price | Serial Enumeration / chronology | Total Checkouts | Total Renewals | Full call number | Barcode | Date last seen | Date last borrowed | Koha item type |
|---|---|---|---|---|---|---|---|---|---|---|---|---|---|---|---|---|---|---|---|
| Dewey Decimal Classification | Baccah | Central Library | Central Library | First floor | 31/01/2012 | 1258.00 | 13957 | 4 | 16 | 622.338 KUC | 000025943 | 15/07/2025 | 09/07/2014 | Book - Borrowing |